| 000 | 00656nam a2200229Ia 4500 | ||
|---|---|---|---|
| 008 | 160319s9999 xx 000 0 und d | ||
| 245 | _aQuiet time / | ||
| 245 | _cChildren's Television Workshop ; Jim Henson Productions, Inc. | ||
| 260 | _aPasig City : | ||
| 260 | _bViva Video Inc. | ||
| 260 | _c2003 | ||
| 300 | _a1 videodisc (ca. 30 min.) : | ||
| 300 | _bsound, colored ; | ||
| 300 | _c4 3/4 in. | ||
| 650 | _aBedtime -- | ||
| 650 | _aBedtime. | ||
| 650 | _aChildren's songs -- | ||
| 650 | _aChildren's songs. | ||
| 650 | _xJuvenile films. | ||
| 650 | _xJuvenile films. | ||
| 700 | _aSesame Street (Television program), Other Title. | ||
| 999 |
_c292674 _d292674 |
||